01123nas a2200265 4500001001000000003000900010005001700019007000300036008003400039040005400073041000900127072000800136100001800144100001800162100002000180245022800200650001400428650003500442650002200477773013400499909004000633942001800673999001700691952014900708BR7306222BR-BrBNA20231205082604.0ta230509b bl.|||p| |||| 00| 00por d aBR-BrBNAbporcBiblioteca Nacional de Agricultura a(Pt) aL721 aArregui, L.A.1 aLaranja, R.J.1 aArteche, C.C.P.1 aResistencia do carrapato Boophilus microplus (Canestrini 1888), 1: determinacao da C.I.P.V. 50 in vitro, dos carrapaticidas organo-fosforados usados no Rio Grande do Sul, frente a teleoginas de uma estirpe sensivel [Brasil] aCARRAPATO aCARRAPATICIDA ORGANO-FOSFORADO aRIO GRANDE DO SUL0 tBoletim do Instituto de Pesquisas Veterinarias Desiderio Finamor (Brazil)xISSN 0100-2740g(1975), v. 1 (3) p. 101-111wBR7306222 a202311bLúciac55dLúcia Elande 2AGRISn0cANA c93043d93043 002AGRIS4071a41918b41918cPeriódicos Agrícolash(1975), v. 1 (3) p. 101-111l0r2023-11-29t01yCRePortaria Interministerial nº 164/94